000 00930nam a2200229Ii 4500
003 JO-AjNU
008 230605s9999||||xx |||||||||||||| ||und||
017 _a1859/6/2013
020 _a978-9957-92-046-3
040 _aJO-AjNU
_bara
_erda
_cJO-AjNU
041 _aara
050 1 4 _aDF77.2014
100 3 _aتأليف: الطائي،ابتهال عادل ابراهيم,
_eauthor
_960140
245 0 0 _aتاريخ الاغريق منذ فجر بزوغه وحتى نهاية عصر الاسكندر المقدوني
250 _aالطبعة الاولى
264 3 1 _aعمان: دار الفكر ناشرون وموزعون، 2014
300 _a312ص
_b ويحتوي على قائمة مراجع من ص302ص- 312ص
336 _atext
_btxt
_2rdacontent
337 _aunmediated
_bn
_2rdamedia
338 _avolume
_bnc
_2rdacarrier
650 4 _aتاريخ اليويان-الحضارة العربية -التاريخ
_960141
999 _aA27103
_c30671
_d30671